Riding the waves of culture understanding diversity in global business
Na minha lista:
| Autor principal: | |
|---|---|
| Outros Autores: | |
| Formato: | Livro |
| Idioma: | inglês |
| Publicado em: |
New York
McGraw-Hill
2012
|
| Edição: | revised and updated 3rd ed. |
| Assuntos: | |
| Tags: |
Sem tags, seja o primeiro a adicionar uma tag!
|
MARC
| LEADER | 00000nam a2200000 4500 | ||
|---|---|---|---|
| 001 | 0165447 | ||
| 005 | 20230109114835.0 | ||
| 020 | |a 978-0-07-177308-9 | ||
| 020 | |a 0-07-177308-8 | ||
| 041 | 0 | |a eng | |
| 044 | |a US | ||
| 245 | 1 | 0 | |a Riding the waves of culture |b understanding diversity in global business |c Fons Trompenaars and Charles Hampden-Turner |
| 250 | |a revised and updated 3rd ed. | ||
| 264 | 1 | |a New York |b McGraw-Hill |c 2012 | |
| 300 | |a 389 s. | ||
| 610 | 2 | 0 | |a podnikanie medzinárodné |
| 610 | 2 | 0 | |a manažment medzinárodný |
| 610 | 2 | 0 | |a rozmanitosť kultúrna |
| 610 | 2 | 0 | |a diverzita |
| 610 | 2 | 0 | |a komunikácia interkultúrna |
| 100 | 1 | |a Trompenaars, Fons | |
| 700 | 1 | |a Hampden-Turner, Charles | |